00422cam a2200157ua 45000010005000000080039000050400009000440820008000531000024000612450057000852500009001422600035001513000016001866530014002026530048002162932110919n ii |||gr||||Z||||||asm cMAIN a9201 aBorkataky, Upendra,11aByaktitya sangbad aru sangghatcby Uprndra Borkataky a1st. aGuahati:bManuh Prakashan,986. a93p:c23cm. aBiography aBiography of Byaktitya sangbad aru sangghat